Gentilés nationaux d'Amérique du Sud H/F - Statistiques

Statistiques générales
  • Ce quiz a été pris 85 fois
  • Le résultat moyen est 22 sur 24
Statistiques - réponses
Pays Gentilé % Correct
Argentine Argentin
99%
Colombie Colombien
99%
Guyana Guyanien / Guyanais
99%
Bolivie Bolivien
97%
Brésil Brésilien
97%
Chili Chilien
97%
Argentine Argentine
96%
Colombie Colombienne
96%
Pérou Péruvien
96%
Bolivie Bolivienne
95%
Brésil Brésilienne
95%
Chili Chilienne
95%
Guyana Guyanienne / Guyanaise
94%
Pérou Péruvienne
94%
Venezuela Vénézuélien / Vénézolan
94%
Équateur Équatorien
92%
Suriname Surinamais / Surinamien
92%
Équateur Équatorienne
90%
Suriname Surinamaise / Surinamienne
90%
Paraguay Paraguayen
88%
Venezuela Vénézuélienne / Vénézolane
88%
Uruguay Uruguayen
87%
Paraguay Paraguayenne
83%
Uruguay Uruguayenne
82%
Aucun quiz correspondant
Distribution des résultats
% des personnes avec chaque résultat
Percentile par nombre de réponses
Votre historique - résultats
Vous n’avez pas pris ce quiz